000 00952nam a2200253Ia 4500
003 OSt
005 20220930080906.0
006 a|||||r|||| 00| 0
007 ta
008 220926b |||||||| |||| 00| 0 eng d
024 _a96441
037 _cTheses
040 _aCRL
_cCRL
_beng
041 _2eng
_aeng
100 _aRay Swatismita
_9540088
110 _aUniversity of Delhi. Faculty of Inter Disciplinary and Applied Science. Department of Plant Molecular Biology
_9540089
245 0 _aGenome wide transcriptome analysis for abiotic stress responsive genes and characterization of stress inducible gene / promoters in rice
260 _c2008
650 _aPLANTS
700 _a Prof. Akhilesh K. Tyagi Gu.
700 _aUniversity of Delhi. Faculty of Inter Disciplinary and Applied Science. Department of Plant Molecular Biology
_9540090
942 _cDIS
_2CC
999 _c870600
_d870600